Movies Quiz

Random Movies or Actress Quiz

Great Actress, Bad Review Quiz Stats

 Plays Quiz Updated Oct 28, 2015

Challenge
Share
Tweet
Embed
Score 0/27 Timer 07:00
0 Plays Today
Hint Answer % Correct
Scarlett JohanssonLost in Translation
77.7%
Charlize TheronMonster
73.5%
Reese WitherspoonWalk the Line
73.1%
Amy AdamsAmerican Hustle
62.9%
Amy AdamsEnchanted
62.6%
Anne HathawayAlice in Wonderland
55.7%
Kate WinsletFinding Neverland
54.3%
Reese WitherspoonWild
50.3%
Anne HathawayInterstellar
48.4%
Cate BlanchettThe Curious Case of Benjamin Button
47.6%
Nicole KidmanCold Mountain
44.8%
Anne HathawayGet Smart
44.2%
Charlize TheronThe Devil's Advocate
42.1%
Reese WitherspoonCruel Intentions
42.1%
Hint Answer % Correct
Kate WinsletRevolutionary Road
41.1%
Nicole KidmanThe Others
39.1%
Charlize TheronMad Max: Fury Road
38.8%
Naomi WattsKing Kong
38.2%
Scarlett JohanssonThe Island
34.3%
Kate WinsletContagion
29.7%
Naomi WattsMulholland Dr.
22.4%
Nicole KidmanThe Hours
21.9%
Cate BlanchettIndiana Jones and the Kingdom of the Crystal Skull
21.8%
Amy AdamsMan of Steel
16.6%
Scarlett JohanssonUnder the Skin
15%
Cate BlanchettRobin Hood
9.5%
Naomi WattsThe Painted Veil
5.8%

You're not logged in!

Compare scores with friends on all Sporcle quizzes.
OR
Log In

You Might Also Like...

Show Comments

Extras

Top Quizzes Today


Score Distribution

Your Account Isn't Verified!

In order to create a playlist on Sporcle, you need to verify the email address you used during registration. Go to your Sporcle Settings to finish the process.

Report this User

Report this user for behavior that violates our Community Guidelines.

Details: